00494nam a2200169Ia 4500003000900000008004100009040001600050080001700066100001900083245008400102260006100186300001500247650001800262650001400280650001900294650001100313IN-BaIIA211028s9999 xx 000 0 eng d cIIA Library a635.054bTRI aTrivedi, P. P. 0aBeautiful shrubscP. P. Trivedi  aNew DelhibIndian Council of Agricultural Researchc1990 axiv, 229p. aGarden plants aGardening aNASA thesaurus aShrubs